20 joueurs espagnols avec la plus grosse valeur marchande - Statistiques

Statistiques générales
  • Ce quiz a été pris 61 fois
  • Le résultat moyen est 12 sur 20
Statistiques - réponses
Rang Club Age valeur marchande Réponse % Correct
1 Barcelone 18 200,00 millions Lamine Yamal
100%
2 Barcelone 22 140,00 millions Pedri
96%
5 Bilbao 23 70,00 millions Nico Williams
94%
3 Man City 29 110,00 millions Rodri
93%
4 Barcelone 18 80,00 millions Pau Cubarsi
78%
7 Arsenal 26 60,00 millions Martin Zubimendi
76%
6 Barcelone 27 60,00 millions Dani Olmo
69%
16 Arsenal 29 35,00 millions Mikel Merino
69%
15 Chelsea 27 35,00 millions Marc Cucurella
61%
9 Barcelone 22 50,00 millions Fermin Lopez
54%
12 Barcelone 25 40,00 millions Ferran Torres
52%
17 Bayer Leverkusen 29 30,00 millions Alejandro Grimaldo
50%
10 Arsenal 29 40,00 millions David Raya
48%
8 Real Madrid 20 60,00 millions Dean Huijsen
48%
14 Tottenham 25 38,00 millions Pedro Porro
48%
20 Real Sociedad 28 25,00 millions Mikel Oyarzabal
43%
19 Bilbao 28 28,00 millions Unai Simon
33%
11 Atletico Madrid 28 40,00 millions Robin Le Normand
28%
13 Bilbao 26 40,00 millions Dani Vivian
11%
18 Como 19 30,00 millions Jesus Rodriguez
11%
Aucun quiz correspondant
Distribution des résultats
% des personnes avec chaque résultat
Percentile par nombre de réponses
Votre historique - résultats
Vous n’avez pas pris ce quiz